000 01063cam a22003257a 4500
003 CHAP
005 20220329142348.0
008 000928d1999 es a r 00110 esp d
010 _a82384
011 _a83356
020 _a9701503694
035 _a93868
040 _cCHAP
082 0 4 _a001.6424
_bA2
100 0 0 _aAvalos Bergillos, Rafael.
_98445
245 1 0 _aAutoCAD 14 para principiantes :
_bWindows 95, 98 y NT
_c/por Rafael Ávalos Bergillos
260 _aMadrid :
_bAlfaomega,
_cc.1999.
300 _a361 p. :
_bilus.
590 _aBATCH-UPD
_b10
_c20130110
_lUCH01
_h0443
590 _aBATCH-UPD
_b10
_c20130410
_lUCH01
_h0119
590 _aBATCH-UPD
_b10
_c20130410
_lUCH01
_h1639
590 _aBATCH-UPD
_b10
_c20130914
_lUCH01
_h0428
590 _aCONVERSION
_b10
_c20130109
_lUCH01
_h1346
650 1 4 _aAutocad 14 (Programación)
_98406
650 1 4 _aLenguajes de programación.
_965989
901 _aBK
905 _aLilia Sánchez G.
942 _cLIBRO
949 _a001.6424 A2
_bBC
_cLIBRO
_d33724000807004
_eLIBRO
_gI.207163
_h98840
_i93868
_sex
_t$185.30
999 _c82384
_d82384